The wars of Alexander's successors, 323-281 BC /

محفوظ في:

المؤلف الرئيسي: Bennett, Bob. (مؤلف)

مؤلفون آخرون: Roberts, Mike.

التنسيق: كتاب

اللغة: English

منشور في: Barnsley, England : Pen & Sword Military, 2009-2011.

الموضوعات:

الوسوم: إضافة وسم

لا توجد وسوم, كن أول من يضع وسما على هذه التسجيلة!

رقم الطلب: DF235.4 .B47 v.1-2

LEADER 00868namaa2200253 4500
003 OSt
005 20251229111537.0
008 130303m20092011enkab b 001 0 eng d
020 |a 9781844157617  |q (v. 1) 
020 |a 9781844159246   |q (v. 2) 
040 |c ARCE Library 
043 |a e-gr---  
050 4 |a DF235.4 .B47 v.1-2 
100 1 |a Bennett, Bob.  |e author 
245 1 4 |a The wars of Alexander's successors, 323-281 BC /   |c Bob Bennett & Mike Roberts. 
264 1 |a Barnsley, England :  |b Pen & Sword Military,  |c 2009-2011. 
300 |a 2 volumes :  |b illustrations, maps ;   |c 25 cm. 
504 |a Includes bibliographical references and indexes. 
505 2 |g v. 1. Commanders & campaigns -- v. 2. Armies, tactics and battles. 
651 0 |a Macedonia  |x History  |y Diadochi, 323-276 B.C. 
700 1 |a Roberts, Mike. 
901 |a reviewed 
942 |c BK  |2 lcc 
999 |c 1151  |d 1151